David and Teresa Bothma T/A DAB Builders v Mayhaven Healthcare Ltd (Record no. 79105)

MARC details
000 -LEADER
fixed length control field 01952cad a22002295a 4500
001 - CONTROL NUMBER
control field L139846
008 - FIXED-LENGTH DATA ELEMENTS--GENERAL INFORMATION
fixed length control field 070815e20070514xxk f v 000 0 eng d
035 ## - SYSTEM CONTROL NUMBER
System control number (Sirsi) u139846
041 0# - LANGUAGE CODE
Language code of text/sound track or separate title eng
245 00 - TITLE STATEMENT
Title David and Teresa Bothma T/A DAB Builders v Mayhaven Healthcare Ltd
Medium [electronic resource]
260 ## - PUBLICATION, DISTRIBUTION, ETC.
Date of publication, distribution, etc. 2007
520 ## - SUMMARY, ETC.
Summary, etc. [2007] EWCA Civ 527, 14 May 2007. Considered whether more than one dispute may be referred to adjudication. The claimant contractor (B) applied for leave of appeal to enforce an adjudicator's decision that determined disputes arising out of a JCT IFC 98 form of contract. The Scheme for Construction Contracts was the applicable adjudication procedure. B gave notice of adjudication, identifying four disputes, and the adjudicator directed the defendant company (M) to make two payments to B. M refused, asserting that two distinct disputes had been referred to and by deciding both the adjudicator was not within his jurisdiction. B's claim for summary judgment was refused and B applied for leave of appeal. "Held": application refused. The amount payable under valuation nine was unconnected with the three other matters in the notice of adjudication and therefore there were two disputes, which meant the adjudicator had no jurisdiction.
590 ## - LOCAL NOTE (RLIN)
Local note KA
650 24 - SUBJECT ADDED ENTRY--TOPICAL TERM
Topical term or geographic name entry element BOTHMA V MAYHAVEN HEALTHCARE LTD
650 24 - SUBJECT ADDED ENTRY--TOPICAL TERM
Topical term or geographic name entry element JCT INTERMEDIATE FORM OF BUILDING CONTRACT FOR WORKS OF SIMPLE CONTENT (1998 EDITION)
650 24 - SUBJECT ADDED ENTRY--TOPICAL TERM
Topical term or geographic name entry element SCHEME FOR CONSTRUCTION CONTRACTS (ENGLAND AND WALES) REGULATIONS 1998
650 24 - SUBJECT ADDED ENTRY--TOPICAL TERM
Topical term or geographic name entry element HOUSING GRANTS, CONSTRUCTION AND REGENERATION ACT 1996
651 #4 - SUBJECT ADDED ENTRY--GEOGRAPHIC NAME
Geographic name England and Wales
Chronological subdivision 1543-
690 ## - LOCAL SUBJECT ADDED ENTRY--TOPICAL TERM (OCLC, RLIN)
Topical term or geographic name as entry element MANAGEMENT-DISPUTE AVOIDANCE, MANAGEMENT AND RESOLUTION-DISPUTE MANAGEMENT AND RESOLUTION-ALTERNATIVE DISPUTE RESOLUTION-ADJUDICATION
856 40 - ELECTRONIC LOCATION AND ACCESS
Uniform Resource Identifier <a href="https://www.bailii.org/cgi-bin/markup.cgi?doc=/ew/cases/EWCA/Civ/2007/527.html">https://www.bailii.org/cgi-bin/markup.cgi?doc=/ew/cases/EWCA/Civ/2007/527.html</a>
Public note View the judgment free of charge at www.bailii.org...
942 ## - ADDED ENTRY ELEMENTS (KOHA)
Suppress in OPAC 0
Holdings
Withdrawn status Lost status Source of classification or shelving scheme Damaged status Not for loan Home library Current library Shelving location Date acquired Total Checkouts Full call number Barcode Date last seen Copy number Price effective from Koha item type
    Dewey Decimal Classification     Virtual Virtual Online 15/08/2007   ONLINE PUBLICATION 139846-2001 06/08/2019 1 06/08/2019 Law report